000 00745cam a22002291 4500
001 ne 66001048
003 DLC
005 20260227111824.0
008 901002s1965 iq 000 0 ararc
010 _ane 66001048
035 _a(OCoLC)22461760
040 _aPrinceton Univ. Libr.
_cWaU
_dWaU
_dDLC
042 _apremarc
050 0 0 _aPJ6095
_b.N3
100 1 _aNaḥḥās, Aḥmad ibn Muḥammad,
_d-950.
245 1 0 _aKitāb al-tuffāḥah fī al-naḥw,
_ctaʼlīf Abī Jaʻfar al-Naḥḥās al-Naḥawī. Taḥqīq Kūrkīs ʻAwwād.
260 _aBaghdād,
_bMaṭbaʻat al-ʻĀnī,
_c1965.
300 _a32 p.
_c24 cm.
650 0 _aArabic language
_xGrammar.
700 1 _aʻAwwād, Kūrkīs.
740 0 _aTuffāḥah fī al-nahw.
999 _c48943
_d48943